Central Library OPAC University of Rajshahi

The age of Shakespeare : (Record no. 62412)

MARC details
000 -LEADER
fixed length control field 00845nam a2200265 a 4500
001 - CONTROL NUMBER
control field 62412
003 - CONTROL NUMBER IDENTIFIER
rucl marc code BD-RjUL
005 - DATE AND TIME OF LATEST TRANSACTION
control field 20211209081101.0
008 - FIXED-LENGTH DATA ELEMENTS--GENERAL INFORMATION
fixed length control field 170124s1961 enk 001 0 eng d
035 ## - SYSTEM CONTROL NUMBER
System control number (BD-RjUL)62538
040 ## - CATALOGING SOURCE
Original cataloging agency NJT
Transcribing agency NJT
Modifying agency BD-RjUL
Language of cataloging eng
041 ## - LANGUAGE CODE
Language code of text/sound track or separate title eng
082 ## - DEWEY DECIMAL CLASSIFICATION NUMBER
Edition number 23
Classification number 822.309
Author mark and year AGE 1961
245 14 - TITLE STATEMENT
Title The age of Shakespeare :
Remainder of title a guide to english literature /
Statement of responsibility, etc. edited by Boris Ford
250 ## - EDITION STATEMENT
Edition statement New and rev. material in this ed.
260 ## - PUBLICATION, DISTRIBUTION, ETC. (IMPRINT)
Place of publication, distribution, etc. London :
Name of publisher, distributor, etc. Cassell,
Date of publication, distribution, etc. 1961.
300 ## - PHYSICAL DESCRIPTION
Pagination V. :
Illustrations ill. ;
Size 21 cm.
490 1# - SERIES STATEMENT
Series statement The Belle sauvage library
500 ## - GENERAL NOTE
General note Includes index.
505 ## - FORMATTED CONTENTS NOTE
Formatted contents note V-2.--
650 #0 - SUBJECT ADDED ENTRY--TOPICAL TERM
Topical term or geographic name as entry element English literature
Chronological subdivision Early modern and Elizabethan,1500-1600.
General subdivision History and criticism
9 (RLIN) 185632
700 ## - ADDED ENTRY--PERSONAL NAME
Personal name Ford, Boris
830 #0 - SERIES ADDED ENTRY--UNIFORM TITLE
Uniform title The Belle sauvage library.
942 ## - ADDED ENTRY ELEMENTS (KOHA)
Source of classification or shelving scheme Dewey Decimal Classification
Koha item type Books
Holdings
Lost status Source of classification or shelving scheme Damaged status Not for loan Collection code Permanent Location Current Location Shelving location Date acquired Source of acquisition Cost, normal purchase price Total Checkouts Full call number Date last seen Copy number Koha item type
  Dewey Decimal Classification   Not For Loan Non-fiction Central Library, University of Rajshahi Central Library, University of Rajshahi Reading Room 11/04/1964 Zeitlinger 18.00   822.309 AGE 1961 24/01/2017 C-1 Books